Ultimate TV Series Character Quiz Collection - Statistics

General Stats
  • This quiz has been taken 23 times
    15 since last reset
  • The average score is 73 of 500
Answer Stats
Answer % Correct
Amy Santiago
63%
Jake Peralta
63%
Karen Peralta
63%
Roger Peralta
63%
Shawn
63%
Alex Dunphy
50%
Ben
50%
Cagney Jeffords
50%
Claire Dunphy
50%
Frank Dunphy
50%
Haley Dunphy
50%
Jerry Seinfeld
50%
Lacey / Belle French
50%
Lacey Jeffords
50%
Luke Dunphy
50%
Mary Margaret Blanchard / Snow White
50%
Michael Scott
50%
Norm Scully
50%
Pete Miller
50%
Phil Dunphy
50%
Prince Phillip
50%
Raymond Holt
50%
Sharon Jeffords
50%
Steve Holt
50%
Terry Jeffords
50%
Andy Dwyer
38%
April Ludgate
38%
Bad Janet
38%
Barb Tucker
38%
Ben Wyatt
38%
Cameron Tucker
38%
Charles Boyle
38%
Charlie Kelly
38%
Chuck
38%
Cora Mills / Queen of Hearts
38%
Daniel Jackson
38%
David Nolan / Prince Charming
38%
DeDe Pritchett
38%
Disco Janet
38%
Donald Sanger / Bubble Boy
38%
Donnie Pritchett
38%
Dwight Schrute
38%
Dylan Marshall
38%
Emma Swan
38%
Gina Linetti
38%
Gloria Delgado-Pritchett
38%
Helene Beesly
38%
Helen Seinfeld
38%
Henry Mills
38%
Jack Dwyer
38%
Janet
38%
Jay Pritchett
38%
Jim Halpert
38%
Joe Pritchett
38%
John Kelly
38%
John Wheaton
38%
Kelly Grayson
38%
Leroy / Grumpy
38%
Lily Tucker-Pritchett
38%
Lynn Boyle
38%
Michael Hitchcock
38%
Mitchell Pritchett
38%
Morty Seinfeld
38%
Mose Schrute
38%
Mr Gold / Rumplestiltskin
38%
Mulan
38%
Neal Cassidy / Baelfire
38%
Neutral Janet
38%
Nikolaj Boyle
38%
Pam Beesly
38%
Pam Tucker
38%
Phillip Sheppard
38%
Regina Mills / Evil Queen
38%
Rosa Diaz
38%
Tinker Bell
38%
Albert Spencer / King George
25%
Andy Bernard
25%
Angela Martin
25%
Anna
25%
Ann Perkins
25%
Annyong Bluth
25%
Anubis
25%
Ariel
25%
Ba'al
25%
Blue Fairy
25%
Bob Annderson
25%
Bob Vance
25%
"Boston Rob" Mariano
25%
Bryce Larkin
25%
Buster Bluth
25%
Cameron Mitchell
25%
Chidi Anagonye
25%
Chris Traeger
25%
"Coach" Benjamin Wade
25%
Cosmo Kramer
25%
Daniel Shaw
25%
Darlene Linetti
25%
Dean Craig Pelton
25%
Debbie Fogle
25%
Devon White
25%
Diane Lewis-Swanson
25%
Donna Meagle
25%
Eleanor Shellstrop
25%
Estelle Costanza
25%
Fiona / Black Fairy
25%
Frank Costanza
25%
Gayle Gergich
25%
General Hammond
25%
Genevieve Mirren-Carter
25%
George Bluth
25%
George Costanza
25%
George Michael Bluth
25%
G.O.B
25%
Granny
25%
Ingrid / Snow Queen
25%
Jack O'Neill
25%
Jacob Carter
25%
Jacopo "J." Peterman
25%
Jan Levinson
25%
Jason "C.J" Stentley
25%
Jason Mendoza
25%
Jeff Barnes
25%
Jerry Gergich
25%
Jo Bennet
25%
John Casey
25%
Jonas Quinn
25%
Judge Gen
25%
Kamilah Al-Jamil
25%
Keith "The Vulture" Pembroke
25%
Kelly Kapoor
25%
Kevin
25%
Kevin Cozner
25%
Killian Jones / Captain Hook
25%
Klaus Baudelaire
25%
Leslie Knope
25%
Lester Patel
25%
Lindsay Bluth
25%
Lucille Bluth
25%
Mac
25%
Maeby Fünke
25%
Maleficent
25%
Manisha Al-Jamil
25%
Manny Delgado
25%
Marlene Griggs-Knope
25%
Michael
25%
Michael Bluth
25%
Millicent Gergich
25%
Morgan Grimes
25%
Nick
25%
Oscar Bluth
25%
Peter Pan
25%
Phyllis Vance
25%
Princess Aurora
25%
Robin Hood
25%
Ron Swanson
25%
Ruby / Red Lucas
25%
Samantha Carter
25%
Sandra Diaz-Twine
25%
Sarah Walker
25%
Stanley Hudson
25%
Tahani Al-Jamil
25%
Tammy Swanson I
25%
Tammy Swanson II
25%
Teal'c
25%
Tobias Fünke
25%
Toby Flenderson
25%
Tom Haverford
25%
Val
25%
Val Johnson
25%
Violet Baudelaire
25%
Waqas Al-Jamil
25%
Wendy Haverford
25%
Ziek Schrute
25%
Abed Nadir
13%
Admiral Paris
13%
Admiral Perry
13%
Adrian Pimento
13%
Alexei Volkoff
13%
Alex McHugh
13%
Amber Mariano
13%
Anna Wu
13%
Annie Edison
13%
Apophis
13%
Archibald Hopper / Jiminy Cricket
13%
August Wayne Booth / Pinocchio
13%
B'Elanna Torres
13%
Ben Chang
13%
Big Mike
13%
Bra'tac
13%
Britta Perry
13%
Buzz Hickey
13%
Caleb John Gosche
13%
Carina Miller
13%
Chakotay
13%
Cheddar
13%
Chuck Bartowski
13%
Count Olaf
13%
Creed Bratton
13%
Cruella De Vil
13%
Darryl Philbin
13%
Darulio
13%
David Puddy
13%
David Wallace
13%
Deangelo Vickers
13%
Dee Reynolds
13%
Dennis Reynolds
13%
Devon "Awesome" Woodcomb
13%
Donkey Doug
13%
Donna Shellstrop
13%
Doug Judy
13%
Doug Shellstrop
13%
Dr Henry Jekyll
13%
Dr Whale / Dr Victor Frankenstein
13%
Ed Mercer
13%
Elaine Benes
13%
Ellie Woodcomb
13%
Elroy Patashnik
13%
Elsa
13%
Emmett Milbarge
13%
Erin Hannon
13%
Fernald / Hook Handed Man
13%
Frankie Dart
13%
Frank Reynolds
13%
Garrett
13%
General Beckman
13%
George Marshall
13%
George Mladenov
13%
Gideon
13%
Glenn
13%
Graham Hubert / Huntsman
13%
Hades
13%
Hank Landry
13%
Harry Kim
13%
Harry Tang
13%
Holly Flax
13%
Howard Busgang (Perseus)
13%
Ian Duncan
13%
Janet Fraiser
13%
Javier Delgado
13%
Jefferson / Mad Hatter
13%
Jeff Probst
13%
Jeff Winger
13%
Jill Roberts
13%
Jimmy Figgis
13%
Josh Porter
13%
Karen Filippelli
13%
Kathryn Janeway
13%
Kathryn Nolan / Princess Abigail
13%
Kenny Bania
13%
Kevin Malone
13%
Kristoff
13%
Lemony Snicket
13%
Leonard
13%
Li'l Sebastian
13%
Lt. Dann
13%
Lucille Austero
13%
Lucy Santo Domingo
13%
Madeline Wuntch
13%
Magnitude
13%
Marco / Geppetto
13%
Mark Wales "The Mark Knight"
13%
Mary Elizabeth Bartowski
13%
Maura Figgis
13%
Melanie Hawkins
13%
Meredith Palmer
13%
Mindy St. Claire
13%
Mr Hyde
13%
Naomi Wildman
13%
Neelix
13%
Nellie Bertram
13%
Newman
13%
Oscar Martinez
13%
Ozzy Lusth
13%
Pillboi
13%
Poppy Marshall
13%
Q
13%
Rickety Cricket
13%
Robert California
13%
Robert Lipton
13%
Rupert Boneham
13%
Russell Hantz
13%
Ryan Howard
13%
Samantha Wildman
13%
Seven of Nine
13%
Shirley Bennett
13%
Simon Mee
13%
Sophia Perez
13%
Soup Nazi
13%
Stella
13%
Stephen J Bartowski (Orion)
13%
Sunny Baudelaire
13%
Susan Ross
13%
Teddy Wells
13%
The Doctor / EMH
13%
Thor
13%
Tiger Lily
13%
Todd Packer
13%
Tom Paris
13%
Trevor
13%
Troy Barnes
13%
Trudy Judy
13%
Tuvok
13%
Uncle Leo
13%
Ursula
13%
Veronica Hopkins
13%
Zelena / Wicked Witch
13%
Acidcat
0%
Admiral Halsey
0%
Admiral Ozawa
0%
Alara Kitan
0%
Andy Bailey
0%
Annabel Porter
0%
Ann Veal
0%
Artemis
0%
Aunt Josephine
0%
Babu Bhatt
0%
Bambadjan
0%
Barney Varmn
0%
Barry Zuckerkorn
0%
Bill
0%
Bill Dexhart
0%
Bill Hummertrout
0%
Blind Witch
0%
Bobby Newport
0%
Bob Cobb / Maestro
0%
Bob Loblaw
0%
Borg Queen
0%
Bortus
0%
Brandi Maxxxx
0%
Brent Norwalk
0%
Brittany
0%
Captain McGintley
0%
Carmelita Spats
0%
Carol Stills
0%
Cassius
0%
Catherine Langford
0%
Cathy Simms
0%
Charles Kawalsky
0%
Charles Miner
0%
Charly Burke
0%
Chef Patricia
0%
Chet
0%
Chris Baker
0%
Claire Finn
0%
Clark Green
0%
Craig Middlebrooks
0%
Crazy Ira
0%
Dave Kattertrune
0%
Dave Sanderson
0%
DC Parlov
0%
Dennis Feinstein
0%
Derek
0%
Detective Lohank
0%
Doctor Chaotica
0%
Doctor Lewis Zimmerman
0%
Doug Forcett
0%
Douglass Howser
0%
Dr. Arvin Fennerman
0%
Dr. Harris
0%
Dr Richard Nygard
0%
Dr. Saperstein
0%
Duncan Quagmire
0%
Earl Chambers
0%
Esmé Squalor
0%
Esther Breugger
0%
Ethel Beavers
0%
Father
0%
Fielding Milton
0%
Fire Marshall Boone
0%
Frank O'Sullivan
0%
Frank Simmons
0%
Fred Booth
0%
Gabe Lewis
0%
Gene Parmesan
0%
George Steinbrenner
0%
Gil Thorpe
0%
Gordon Malloy
0%
Greg Pikitis
0%
Gwendolyn
0%
Hank Doyle
0%
Hannah
0%
Harry Maybourne
0%
Henchperson of Indeterminate Gender
0%
Henry Starling
0%
Heveena
0%
Howard "The Douche" Tuttleman
0%
Hypatia of Alexandria
0%
Icheb
0%
Isaac
0%
Isabel Poreba
0%
Isadora Quagmire
0%
Ishmael
0%
Izzy Mandelbaum
0%
Jack Danger
0%
Jackie Chiles
0%
Jacques Snicket
0%
Jean-Ralphio Saperstein
0%
Jeff Romero
0%
Jeff the Doorman
0%
Jennifer Barkley
0%
Jeremy Jamm
0%
Jerome Squalor
0%
Joan Callamezzo
0%
Johnathan
0%
John Cochran
0%
John LaMarr
0%
Jonny Fairplay
0%
Jordie Hansen "The Joker"
0%
Justice Strauss
0%
J. Walter Weatherman
0%
Katy Moore
0%
Kaylon Primary
0%
Kes
0%
King Arthur
0%
Kit Snicket
0%
Kitty Sanchez
0%
Klyden
0%
Lancelot
0%
Larry
0%
Larry Hemsworth
0%
Larry Your-Waiter
0%
Liam McPoyle
0%
Linda Lonegan
0%
Lloyd Braun
0%
Lonny Collins
0%
Luang
0%
Lupe
0%
Lynn
0%
Madison
0%
Marcus Finn
0%
Mark Brendanawicz
0%
Matt
0%
Mauser
0%
Mayor Gunderson
0%
"Mean" Marge Bronigan
0%
Merlin
0%
Mickey Abbott
0%
Mlepnos
0%
Mona-Lisa Saperstein
0%
Mr. Lippman
0%
Mr Poe
0%
Mr Remora
0%
Mr. Wilhelm
0%
Nate Nickerson
0%
Neil
0%
Nick Offerman
0%
Nurse Park
0%
Olivia Caliban / Librarian
0%
Olivia Crawford
0%
Orin
0%
Owen Flynn / Greg Mendell
0%
Patricia Kattertrune
0%
Perd Hapley
0%
Q2
0%
Quigley Quagmire
0%
Rainer Shine
0%
Rebel Alley
0%
Reginald Barclay
0%
Rita Leeds
0%
Ron Dunn
0%
Roy Anderson
0%
Rya'c
0%
Ryan McPoyle
0%
Sally Sitwell
0%
Seamus Murphy
0%
Seska
0%
Shauna Malwae-Tweep
0%
Sha'uri
0%
Sherman "Pepper" Saltzman
0%
Sidney Glass / Genie
0%
Simone Garnett
0%
Skaara
0%
Sonia Ramirez
0%
Stan Sitwell
0%
Talla Keyali
0%
Ted Roark
0%
Teleya
0%
The Champion
0%
The Keeper
0%
Toddrick
0%
Tony Vlachos
0%
Tony Wonder
0%
Topa
0%
Tuvix
0%
Ty Finn
0%
Typhoon Montalban
0%
Tyson Apostol
0%
Uncle Monty
0%
Uzo
0%
Vala Mal Doran
0%
Vicky
0%
Vivian Ludley
0%
Vorik
0%
Waitress
0%
Walter Harriman
0%
Warden Granville
0%
William Smee
0%
Yaphit
0%
No matching quizzes found
Score Distribution
Percent of People with Each Score
Percentile by Number Answered
Your Score History
You have not taken this quiz since the last reset